Issues in nursing in Nigeria

Saved in:
Bibliografiske detaljer
Hovedforfatter: IGBINOSUN, Pullen E.
Format: Bog
Sprog:engelsk
Udgivet: Amfitop 1996
Tags: Tilføj Tag
Ingen Tags, Vær først til at tagge denne postø!

MARC

LEADER 00000nam a22000007a 4500
008 240422b |||||||| |||| 00| 0 eng d
020 |a 9783265652 
100 |a IGBINOSUN, Pullen E. 
245 |a Issues in nursing in Nigeria  |c Pullen E.Igbinosun  |g xi, 150p. 
260 |b Amfitop  |c 1996  |h Lagos  |i 702750  |l RT85.5.Ig1  |m Nursing- Standards 
500 |a It includes references and index 
942 |a lcc  |c BK  |e Adeyemo O.O  |f 22/04/2024 
952 |0 0  |1 0  |2 lcc  |4 0  |6 RT00855 I G1  |7 0  |9 5092  |a HOL  |b HOL  |c QZ  |d 2024-04-22  |l 0  |o RT85.5.Ig1  |p 2024-0340  |r 2024-04-22 00:00:00  |w 2024-04-22  |y BK 
999 |c 2527  |d 2527